000 00683nam a22001937a 4500
005 20251108165453.0
008 250721s1979 xx 000 0 ara d
082 1 4 _aم/216.1/خمي
100 1 _aالرستاقي، خميس بن علي بن مسعود الشقصي
245 1 0 _aمنهاج الطالبين و بلاغ الراغبين /
264 1 _aعمان :
_bوزارة التراث القومي و الثقافه،
_c1979.
300 _aج
650 1 7 _aالإسلام
650 1 7 _aالفقه الإسلامي
650 1 7 _aأصول الدين
700 1 _aالحارثي، سالم بن حمد بن سليمان
_eتحقيق
942 _2ddc
_cREF
999 _c28694
_d28694